| 000 | 00938cam a2200241 a 4500 | ||
|---|---|---|---|
| 001 | 58 | ||
| 003 | BR-CuiBMT | ||
| 005 | 20231026214028.0 | ||
| 008 | 230808s2018 mgba 000 0 por d | ||
| 020 | _a9788545005322 | ||
| 040 |
_aBR-CuiBMT _cBR-CuiBMT |
||
| 080 |
_22007 _a351.712 |
||
| 090 |
_a351.712 _bV181c |
||
| 100 | 1 | _aValle, Vivian Lima López | |
| 245 | 1 | 0 |
_aContratos administrativos e um novo regime jurídico de prerrogativas contratuais na administração pública contemporânea : _bda unilateralidade ao consenso e do consenso à unilateralidade na relação contratual administrativa / _cVivian Lima López Valle ; prefácio Romeu Felipe Bacellar Filho. |
| 260 |
_aBelo Horizonte : _bFórum, _c2018. |
||
| 300 |
_a288 p. : _bil. ; _c22 cm |
||
| 504 | _aInclui bibliografia. | ||
| 650 | _aRelação contratual administrativa | ||
| 650 | _aAdministração pública | ||
| 650 | _aContratos administrativos | ||
| 942 |
_2udc _cLV |
||
| 999 |
_c58 _d58 |
||